00821nam a2200217 a 4500001001000000003000500010005001700015008004100032010001100073011001100084040000900095100003500104245011700139260004100256500006000297502007700357650002400434650004300458650003200501856007000533000110877CHAP20220329144149.0141014s2014 mx a |sm |||||||spa d a107339 a108311 cCHAP1 aZamora Becerra, Bernabé Lino10aCaracterización de semillas de Euphorbia strigosa Hook & Arnh[En línea]cpor Bernabé Lino Zamora Becerra. aChapingo, Méx. :bEl autor,c2014. aPara ver el contenido del material haga clic en la liga aTesis (Ing. Agr. Esp. en Fitotecnia) -- UACH. Departamento de Fitotecnia14aEuphorbia strigosa.14aSemillasxFisiología y morfología.14aSemillasxIdentificación. aFinding aiduhttp://10.13.5.2/tesis/sist110877.pdfzTeclea aquí